La Agencia para el desarrollo internacional AID y su aporte al desarrollo del movimiento cooperativo de Costa Rica /

Պահպանված է:
Մատենագիտական մանրամասներ
Հիմնական հեղինակ: Calderón Delgado, Claudio
Համատեղ հեղինակ: Facultad de Ciencias Sociales. Escuela de relaciones internacionales
Ձևաչափ: Թեզիս
Հրապարակվել է: Heredia: UNA
Ցուցիչներ: Ավելացրեք ցուցիչ
Չկան պիտակներ, Եղեք առաջինը, ով նշում է այս գրառումը!

MARC

LEADER 00000 a a2200000 04500
001 23326
003
040 |a CRAI/IIS  |c CRAI/IIS 
090 |a 16170.00  
100 |a Calderón Delgado, Claudio  
245 |a La Agencia para el desarrollo internacional AID y su aporte al desarrollo del movimiento cooperativo de Costa Rica /  |c Claudio Calderón Delgado 
260 |a Heredia:   |b UNA  
300 |a 134 p  
300 |b **no definido**  
502 |a Tesis (Licenciado en relaciones internacionales) -- Universidad Nacional de Costa Rica, 1984  
710 |a Facultad de Ciencias Sociales. Escuela de relaciones internacionales  
999 |c 18160  |d 18160